Overenie pevnostných vlastností ocelí z hľadiska európskej unifikácie navrhovania oceľových konštrukcií

Bibliographic Details
Main Authors: Mrázik, Augustín, 1958- (Author), Sadovský, Zoltán, 1942- (Author)
Format: Article
Language:Slovak
PhysicalDescription:Tab. 4, res. angl., lit. 6 zázn. v angl., slov.
ISBN:8071001597
Subjects:

MARC

LEADER 00000nab a2200000 a 4500
001 vtls000645426
003 SK-MaSNL
005 20260302184201.0
008 160401c1993 xo 0 slo
015 |a SNBRA19rr/mm-uuuuu 
035 |a CL0645565 
040 |a SNKBUCL  |b slo  |c SNKBUCL  |e AACR2 
041 0 |a slo 
044 |a xo  |c SK 
080 |a 624.04:624.014.2  |2 1981 
080 |a 624.014.2  |2 1981 
100 1 |a Mrázik, Augustín,  |d 1958-  |4 aut  |9 114616 
245 1 0 |a Overenie pevnostných vlastností ocelí z hľadiska európskej unifikácie navrhovania oceľových konštrukcií  |c Augustín Mrázik, Zoltán Sadovský 
300 |b Tab. 4, res. angl., lit. 6 zázn. v angl., slov. 
650 0 7 |a konštrukcie oceľové  |2 snkbucl  |9 489019 
650 0 7 |a pevnosť  |2 snkbucl  |9 1636 
655 7 |a články zo zborníkov  |2 snkbucl  |9 166140 
700 1 |a Sadovský, Zoltán,  |d 1942-  |4 aut  |9 39864 
773 0 |z 8071001597  |t Deviata medzinárodná vedecká konferencia  |d Žilina : Vysoká škola dopravy a spojov, 1993  |g S. 7-12 
850 |a Slovenská národná knižnica v Martine  |a MTA001 
852 |a SNK  |b KIS3GCP 
958 |a NB 
958 |a NX 
958 |a RK 
958 |a RZB 
999 |c 1424521  |d 1426451